40 Wonderful blend & digraph poems : (Record no. 106231)
[ view plain ]
| 000 -LEADER | |
|---|---|
| fixed length control field | 00560nam a2200169 a 4500 |
| 005 - DATE AND TIME OF LATEST TRANSACTION | |
| control field | 20140412111426.0 |
| 008 - FIXED-LENGTH DATA ELEMENTS--GENERAL INFORMATION | |
| fixed length control field | 090626s19uu xx 00 eng d |
| 020 ## - INTERNATIONAL STANDARD BOOK NUMBER | |
| International Standard Book Number | 0-439-43893-4 |
| 050 ## - LIBRARY OF CONGRESS CALL NUMBER | |
| Classification number | TR(GS 808.1 |
| Item number | G76 2004 |
| 100 ## - MAIN ENTRY--PERSONAL NAME | |
| Personal name | Grant, Shelley |
| 245 ## - TITLE STATEMENT | |
| Title | 40 Wonderful blend & digraph poems : |
| Remainder of title | A Delighful collection of poems with an easy to use lesson plan to help young learners build key phonics skills / |
| Statement of responsibility, etc | Shelly Grant. |
| 260 ## - PUBLICATION, DISTRIBUTION, ETC. (IMPRINT) | |
| Place of publication, distribution, etc | U.S.A : |
| Name of publisher, distributor, etc | Scholastic, |
| Date of publication, distribution, etc | 2004. |
| 300 ## - PHYSICAL DESCRIPTION | |
| Extent | 48p. |
| 500 ## - GENERAL NOTE | |
| General note | Grades K - 2 |
| 650 ## - SUBJECT ADDED ENTRY--TOPICAL TERM | |
| Topical term or geographic name as entry element | Poems |
| Withdrawn status | Lost status | Damaged status | Use restrictions | Home library | Current library | Shelving location | Date acquired | Source of acquisition | Cost, normal purchase price | Total Checkouts | Full call number | Barcode | Date last seen | Price effective from | Koha item type |
|---|---|---|---|---|---|---|---|---|---|---|---|---|---|---|---|
| Elizalde Library | Elizalde Library | Teachers Reference Section | 06/26/2009 | 225.00 | TR(GS 808.1 G76 2004 | E11464 | 04/12/2014 | 04/12/2014 | Books |